| 000 | 00957nam a22003017a 4500 | ||
|---|---|---|---|
| 003 | CHAP | ||
| 005 | 20220329134002.0 | ||
| 008 | 971013s1942 r 00010 d | ||
| 010 | _a13618 | ||
| 011 | _a14590 | ||
| 035 | _a18664 | ||
| 040 | _cCHAP | ||
| 082 |
_a636.08 _bG65 |
||
| 100 | 0 | 0 |
_aGonzález Alvarado, Pascual. _948666 |
| 245 | _aRegiones ganaderas del estado de Campeche | ||
| 260 |
_aCampeche. Camp. : _bDirección General de Ganadería, _c1942 |
||
| 300 |
_a111 p. _b: ilus |
||
| 590 |
_aBATCH-UPD _b10 _c20130110 _lUCH01 _h2307 |
||
| 590 |
_aBATCH-UPD _b10 _c20130410 _lUCH01 _h1559 |
||
| 590 |
_aBATCH-UPD _b10 _c20130914 _lUCH01 _h1504 |
||
| 590 |
_aCONVERSION _b10 _c20130109 _lUCH01 _h1309 |
||
| 650 | 1 | 4 |
_aGanado _xCampeche. _944893 |
| 650 | 1 | 4 |
_aGanado _xMéxico. _944935 |
| 901 | _aBK | ||
| 942 | _cLIBRO | ||
| 949 |
_a636.08 G65 _bBC _cBPP _d-43483 _eBPP _h23177 _i18664 _si |
||
| 949 |
_a636.08 G65 _bBC _cBPP _d-43484 _eBPP _fc.2 _h45505 _i18664 _si |
||
| 999 |
_c13618 _d13618 |
||